000 00613nam a2200229 i 4500
001 C2-0292832
003 PPAK
005 20180728024820.0
008 090111s2000 nyu |||| ||||| | eng d
020 _a9781883011765
040 _aPPAK
_beng
_cPPAK
_erda
082 0 4 _a305.567
_223
090 0 0 _a305.567
_bSLA
_dLCK
245 0 0 _aSlave narratives
264 1 _aNew York :
_bThe Library of America ,
_c2000
300 _a997 pages ;
_c21 cm
336 _2rdacontent
_atext
337 _2rdamedia
_aunmediated
338 _2rdacarrier
_avolume
650 1 0 _aSlave - United States - Biography
942 _ddc
_cB
999 _c97670
_d97670